000 00293nam a22001337a 4500
008 170720b xxu||||| |||| 00| 0 eng d
020 _a9780071748018
041 _aeng
080 _a004
100 _a28
101 _aSHKI
245 _aWEB DESIGN DEMYSTIFIED
_cWILLARD, W
942 _2udc
_cBK
999 _c21668
_d21668